|
|
|
|
| LEADER |
00000nam0a2200000 4500 |
| 001 |
46357 |
| 005 |
20231031024548.0 |
| 035 |
|
|
|a (RuTPU)RU\TPU\book\48351
|
| 090 |
|
|
|a 46357
|
| 100 |
|
|
|a 20030113d1968 m y0rusy50 ca
|
| 101 |
0 |
|
|a rus
|
| 102 |
|
|
|a RU
|
| 105 |
|
|
|a a j 001zy
|
| 200 |
1 |
|
|a Курс коррозии и защиты металлов
|e учебное пособие
|f Н. П. Жук
|
| 210 |
|
|
|a Москва
|c Металлургия
|d 1968
|
| 215 |
|
|
|a 407 с.
|c ил.
|
| 320 |
|
|
|a Библиогр.: с. 406-407.
|
| 451 |
|
1 |
|0 (RuTPU)RU\TPU\book\34211
|t Курс теории коррозии и защиты металлов
|o учебное пособие
|f Н. П. Жук
|c Москва
|n Металлургия
|d 1976
|p 472 с.
|a Жук, Николай Платонович
|
| 610 |
1 |
|
|a коррозия
|
| 610 |
1 |
|
|a металлы
|
| 610 |
1 |
|
|a защитные покрытия
|
| 610 |
1 |
|
|a учебные пособия
|
| 675 |
|
|
|a 621.7М:620.191(075.8)
|v 3
|
| 675 |
|
|
|a 621.793(075.8)
|v 3
|
| 700 |
|
1 |
|a Жук
|b Н. П.
|g Николай Платонович
|
| 801 |
|
1 |
|a RU
|b 63413507
|c 20030113
|g PSBO
|
| 801 |
|
2 |
|a RU
|b 63413507
|c 20220629
|g PSBO
|
| 900 |
|
|
|a Коррозия и защита металлов
|
| 942 |
|
|
|c BK
|